000
00303nam a2200133Ia 4500
100
_a
Kumar/A/ Dev/R
650
_a
Automobiles
942
_c
BK
654
_a
Motor Mechanic Solved Papers
245
_a
Motor Mechanic Solved Papers
260
_b
New Heights
_a
New Delhi
546
_a
HINDI
999
_c
24713
_d
24713